Регионална библиотека "Любен Каравелов" - Русе

Ръководство за упражнения по технология на машиностроителните материали (Запис номер 112181)

MARC детайли
000 -Лидер
Контролно поле с фиксирана дължина 02089nam a2200349 c 4500
003 - Код на организацията, давaща контролен номер
Контролно поле BLK
005 - Дата и час на последна редакция
Контролно поле 20180420230807.0
008 - Елементи от данни с фиксирана дължина
fixed length control field 180409b bul|||||r ||||||| ||bul||
010 ## - Наследен системен номер
LC control number KNG00117544000
040 ## - Източник на каталожния запис
Идентификатор на билиотеката - собственик на записа BLK
041 ## - Код за език
Код за езика на текст/звукозапис или на отделно заглавие Български
Код за езика КДБФ Български
080 ## - УДК
Текстов определител УДК Технология на металите. Металообработване. Общи въпроси
УДК код - определител по УДК 621.7/.9
УДК определител (075.8)
УДК - код + определител 621.7/.9(075.8)
100 1# - Редна дума - Автор
Автор Николов, Георги Иванов
Авторска отговорност първи автор
R(LIN) 312445
139 ## - Редно поле
Редна дума Ръководство за упражнения по технология на машиностроителните материали
Авторски знак Ръ - Р 97
245 10 - Сведения за заглавието
Заглавие Ръководство за упражнения по технология на машиностроителните материали
Подзаглавни данни За студентите от ВТУ А. Кънчев - Русе
Редно поле (дума) Георги Иванов Николов.
250 ## - Област на изданието
Сведения за изданието 2. изд.
257 ## - Страна на издаване
Страна на създаване/издаване България
260 ## - Област на издателските данни
-- Русе
Име на издателя, разпространителя и проч. ВТУ Ангел Кънчев
Година на издаване 1985
300 ## - Физическа характеристика
Страници 96 с.
Илюстрации и др. със сх., табл., диагр.
Размери/Мащаб 21 см
380 ## - Жанр
Жанр Техника
500 ## - Общи забележки
Забележка Други авт.: А. Чернева, Е. Пенева, В. Гагов, П. Петров, М. Трифонов. - Изд. на ВТУ А. Кънчев - Русе. Кат. Металознание и технология на металите. - 1. изд. 1983 със загл. Ръководство за упражнения по технология на металите от същите авт. - 1 000 тир.
650 #4 - Допълнително описание по предмет – тема
Основно описание – тема или топоним Машиностроителни материали - технология - учебници за ВУЗ
9 (RLIN) 289409
650 #4 - Допълнително описание по предмет – тема
Основно описание – тема или топоним Технология на металите - учебници за ВУЗ
9 (RLIN) 289410
653 ## - Ключова дума – ненормативна
Ключова дума машиностроене
653 ## - Ключова дума – ненормативна
Ключова дума технология на металите
653 ## - Ключова дума – ненормативна
Ключова дума учебници за ВУЗ
852 ## - Местоположение
Форматна сигнатура Цб 140146
856 4# - Електронен адрес и достъп
Електронен формат pdf - файл
Път до файла /url/
856 4# - Електронен адрес и достъп
Електронен формат pdf - файл
Път до файла /url/
942 ## - АРТИКУЛИ
Вид на библиотечния материал Книги
Скрит в OPAC Не
944 ## - СЪЗДАВАНЕ И РЕДАКЦИЯ на ЗАПИСА
Създаване/Редакция Създаване
Дата на регистрацията/редакция 23.11.2016
Служител, извършил регистрацията/редакцията Севдалина_Василева
944 ## - СЪЗДАВАНЕ И РЕДАКЦИЯ на ЗАПИСА
Създаване/Редакция Редакция
Дата на регистрацията/редакция 23.11.2016
Служител, извършил регистрацията/редакцията Севдалина_Василева
999 ## - СИСТЕМНИ КОНТРОЛНИ НОМЕРА
Koha biblionumber 112181
Koha biblioitemnumber 112181
Наличности
Код за отписване Код за изгубен артикул Източник на класификационната схема Код за повреда Коз за рестрикции Код за отдаване Артикулен № Име на библиотеката - собственик Име на библиотеката, в която се намира в момента Статус (Текущо местоположение) Дата на вписване в системата Местоположение - отдел Цена в лева Инвентарен номер Систематично азбучна сигнатура Баркод Номер на екземпляра Цена в евро Служебна бележка Служебен тип на артикула
  Не е изгубен Universal Decimal Classification Не е повреден без рестрикции ползва се в читалня 179935 Регионална библиотека "Любен Каравелов" Русе Регионална библиотека "Любен Каравелов" Русе Хранилище 1985-01-01 Хранилище 0.45 444392 Цб 140146 120000444392 1 0.23 Дост: Dp Вид: Д N: стар фонд Дата: 01.01.1985 Книги
Изтеглен Не е изгубен Universal Decimal Classification Не е повреден без рестрикции заемане за дома 179936 Регионална библиотека "Любен Каравелов" Русе Регионална библиотека "Любен Каравелов" Русе Заемна - подръчен фонд 1985-01-01 Заемна - подръчен фонд 0.45 443218 П 621.7/.9/Р 97 443218 2 0.23 Дост: Pk Вид: Ф N: стар фонд Дата: 01.01.1985 Дата инв: 06.02.2018 Бележки инв: П2018 Книги
Изтеглен Не е изгубен Universal Decimal Classification Не е повреден без рестрикции заемане за дома 179937 Регионална библиотека "Любен Каравелов" Русе Регионална библиотека "Любен Каравелов" Русе Заемна - подръчен фонд 1985-01-01 Заемна - подръчен фонд 0.45 449418 П 621.7/.9/Р 97 449418 3 0.23 Дост: Pk Вид: Ф N: стар фонд Дата: 01.01.1985 Книги
Vip Innovations Ltd, Rousse, Bulgaria 2025